Turkey, The US and Iraq/ (Record no. 7205)

MARC details
000 -LEADER
fixed length control field 00813nac a22002171u 4500
020 ## - INTERNATIONAL STANDARD BOOK NUMBER
International Standard Book Number 0863566758
022 ## - INTERNATIONAL STANDARD SERIAL NUMBER
International Standard Serial Number 9780863566752
082 ## - DEWEY DECIMAL CLASSIFICATION NUMBER
Item number HAL
Classification number 327.56073
090 ## - LOCALLY ASSIGNED LC-TYPE CALL NUMBER (OCLC); LOCAL CALL NUMBER (OCLC)
-- 7205
-- 7205
100 ## - MAIN ENTRY--PERSONAL NAME
Personal name Hale, William.
245 ## - TITLE STATEMENT
Title Turkey, The US and Iraq/
Statement of responsibility, etc William Hale.
260 ## - PUBLICATION, DISTRIBUTION, ETC. (IMPRINT)
Place of publication, distribution, etc London:
Name of publisher, distributor, etc Middle East Institute SOAS,c.2007.
Date of publication, distribution, etc c.2007.
300 ## - PHYSICAL DESCRIPTION
Extent 200p;
Dimensions 19cm.
490 ## - Series Statement
Series statement SAOS Middle East Series.
500 ## - GENERAL NOTE
General note Distributer: Baccah.
511 ## - PARTICIPANT OR PERFORMER NOTE
Participant or performer note Catalogued By: Mahitab.
650 ## - SUBJECT ADDED ENTRY--TOPICAL TERM
Topical term or geographic name as entry element Middle East--Foreign relations--United States--Congresses.
650 ## - SUBJECT ADDED ENTRY--TOPICAL TERM
Topical term or geographic name as entry element United States--Foreign relations--Middle East--Congresses.
942 ## - ADDED ENTRY ELEMENTS (KOHA)
Item type Book - Borrowing
Call number prefix 327.56073HAL
Holdings
Withdrawn status Item status Damaged status Not for loan Home library Current library Shelving location Date acquired Source of acquisition Total Checkouts Total Renewals Full call number Barcode Date last seen Date last borrowed Koha item type
        Central Library Central Library First floor 08/01/2015 Purchase 10 36 327.56073HAL 000008715 15/07/2025 04/11/2018 Book - Borrowing